[Event "8MCR_4D_1L_3S"]
[Site "?"]
[Date "2008.??.??"]
[Round "?"]
[White "Houdek, Vladimir"]
[Black "Gubas, Jan"]
[Result "1/2-1/2"]
[WhiteElo "2139"]
[BlackElo "2317"]
[PlyCount "41"]
[EventDate "2008.??.??"]
[EventType "corr"]

1. d4 d5 2. c4 c6 3. Nf3 Nf6 4. Qc2 e6 5. g3 dxc4 6. Qxc4 b5 7. Qc2 Bb7 8. Bg2
Nbd7 9. Ne5 Nxe5 10. dxe5 Nd5 11. O-O Be7 12. Nc3 O-O 13. Rd1 Qb8 14. e4 Nxc3
15. Qxc3 Qc7 16. Be3 c5 17. Rac1 c4 18. b3 Rfd8 19. bxc4 Rxd1+ 20. Rxd1 bxc4
21. Rb1 1/2-1/2

[Event "8MCR_4D_1L_3S"]
[Site "?"]
[Date "2008.??.??"]
[Round "?"]
[White "Houdek, Vladimir"]
[Black "Hrdy, Roman"]
[Result "0-1"]
[WhiteElo "2139"]
[BlackElo "2259"]
[PlyCount "64"]
[EventDate "2008.??.??"]
[EventType "corr"]

1. d4 d5 2. c4 c6 3. Nf3 Nf6 4. Qc2 g6 5. e3 Bg7 6. Bd3 O-O 7. O-O Nbd7 8. Nc3
dxc4 9. Bxc4 c5 10. Rd1 cxd4 11. Rxd4 a6 12. Be2 Qc7 13. Bd2 b5 14. Rc1 e5 15.
Rh4 Bb7 16. a4 e4 17. Nd4 bxa4 18. Qxa4 Rfc8 19. Qa1 Qe5 20. Rd1 Nc5 21. Be1 a5
22. Na4 Nxa4 23. Qxa4 Qc5 24. Bd2 Nd5 25. Be1 h5 26. Bf1 Bf6 27. Rh3 h4 28. Be2
Rd8 29. Bg4 Nb6 30. Qa2 a4 31. Qa1 Rab8 32. f4 Nc4 0-1

[Event "8MCR_4D_1L_3S"]
[Site "?"]
[Date "2008.??.??"]
[Round "?"]
[White "Houdek, Vladimir"]
[Black "Motejzik, Jaroslav"]
[Result "1/2-1/2"]
[WhiteElo "2139"]
[BlackElo "2068"]
[PlyCount "33"]
[EventDate "2008.??.??"]
[EventType "corr"]

1. d4 d5 2. c4 c6 3. Nf3 e6 4. Qc2 Nd7 5. g3 f5 6. Bg2 Ngf6 7. O-O Be7 8. a4
O-O 9. a5 Ne4 10. a6 bxa6 11. Nc3 Bd6 12. Bf4 Bxf4 13. gxf4 Rb8 14. Rfc1 Rb4
15. cxd5 cxd5 16. e3 Bb7 17. Na4 1/2-1/2

[Event "8MCR_4D_1L_3S"]
[Site "?"]
[Date "2008.??.??"]
[Round "?"]
[White "Houdek, Vladimir"]
[Black "Peroutik, Jiri"]
[Result "1-0"]
[WhiteElo "2139"]
[BlackElo "1845"]
[PlyCount "37"]
[EventDate "2008.??.??"]
[EventType "corr"]

1. d4 Nf6 2. c4 e6 3. Nf3 b6 4. a3 d5 5. cxd5 exd5 6. Nc3 Be7 7. Bg5 O-O 8. e3
Bb7 9. Bd3 Nbd7 10. O-O c5 11. Qc2 h6 12. Bh4 Re8 13. Rad1 Nh5 14. Bxe7 Rxe7
15. b4 c4 16. Bh7+ Kh8 17. Bf5 Nhf6 18. Rfe1 a5 19. b5 1-0

[Event "8MCR_4D_1L_3S"]
[Site "?"]
[Date "2008.??.??"]
[Round "?"]
[White "Houdek, Vladimir"]
[Black "Pirhala, Ladislav"]
[Result "1/2-1/2"]
[WhiteElo "2139"]
[BlackElo "2102"]
[PlyCount "33"]
[EventDate "2008.??.??"]
[EventType "corr"]

1. d4 Nf6 2. c4 e6 3. Nf3 d5 4. Nc3 c6 5. e3 Nbd7 6. Bd3 dxc4 7. Bxc4 Bd6 8.
O-O O-O 9. Qc2 b5 10. Be2 Bb7 11. Rd1 Qc7 12. Bd2 b4 13. Ne4 Nxe4 14. Qxe4 Rac8
15. Qh4 Rfe8 16. a3 a5 17. axb4 1/2-1/2

[Event "8MCR_4D_1L_3S"]
[Site "?"]
[Date "2008.??.??"]
[Round "?"]
[White "Houdek, Vladimir"]
[Black "Portych, Vaclav"]
[Result "1/2-1/2"]
[WhiteElo "2139"]
[BlackElo "2187"]
[PlyCount "59"]
[EventDate "2008.??.??"]
[EventType "corr"]

1. d4 Nf6 2. Nf3 e6 3. c4 b6 4. a3 Bb7 5. Nc3 d5 6. cxd5 Nxd5 7. e3 g6 8. Bb5+
c6 9. Bd3 Bg7 10. O-O c5 11. Nxd5 exd5 12. Bd2 O-O 13. Bc3 c4 14. Be2 Nc6 15.
b3 b5 16. bxc4 bxc4 17. Rb1 Rb8 18. Qa4 Qd6 19. Nd2 Ba8 20. Bf3 Bf6 21. Rxb8
Rxb8 22. Rb1 Rxb1+ 23. Nxb1 Qb8 24. Qc2 Ne7 25. Bb4 Bc6 26. Nc3 Qb7 27. g3 Nf5
28. Bg2 Be7 29. Bxe7 Nxe7 30. Bf3 1/2-1/2

[Event "8MCR_4D_1L_3S"]
[Site "?"]
[Date "2008.??.??"]
[Round "?"]
[White "Houdek, Vladimir"]
[Black "Splichal, Josef"]
[Result "1/2-1/2"]
[WhiteElo "2139"]
[BlackElo "2140"]
[PlyCount "35"]
[EventDate "2008.??.??"]
[EventType "corr"]

1. d4 Nf6 2. c4 e6 3. Nf3 b6 4. a3 Bb7 5. Nc3 d5 6. cxd5 Nxd5 7. Qc2 Be7 8. e4
Nxc3 9. bxc3 O-O 10. Bd3 c5 11. O-O Qc7 12. Qe2 Nc6 13. Be3 Na5 14. a4 Rfd8 15.
Rfe1 Rac8 16. Red1 h6 17. Nd2 cxd4 18. cxd4 1/2-1/2

[Event "8MCR_4D_1L_3S"]
[Site "?"]
[Date "2008.??.??"]
[Round "?"]
[White "Hrdy, Roman"]
[Black "Canibal, Jaromir"]
[Result "1/2-1/2"]
[WhiteElo "2259"]
[BlackElo "2236"]
[PlyCount "109"]
[EventDate "2008.??.??"]
[EventType "corr"]

1. d4 Nf6 2. Bg5 c6 3. Bxf6 exf6 4. e3 Qb6 5. Qc1 d5 6. Nd2 Be7 7. Bd3 Na6 8.
c3 O-O 9. Ngf3 c5 10. O-O Be6 11. Re1 Rfe8 12. Qc2 g6 13. Rad1 c4 14. Bf1 Rac8
15. b3 cxb3 16. axb3 f5 17. Qb2 Bf6 18. Bd3 Nb8 19. Ra1 a5 20. Nf1 Qc7 21. Rec1
Nc6 22. Qd2 Qd6 23. Bb5 b6 24. Ng3 Rc7 25. Ne2 Rd8 26. h4 Qe7 27. g3 Na7 28.
Bd3 Nc6 29. Nf4 Qd6 30. Bf1 Rb8 31. c4 Nb4 32. Nxe6 fxe6 33. c5 Qd8 34. cxb6
Rxc1 35. Rxc1 Rxb6 36. Rc5 Rb8 37. Qc1 Be7 38. Rc7 Bd6 39. Ra7 Qb6 40. Rd7 Bf8
41. h5 Rb7 42. Rxb7 Qxb7 43. hxg6 hxg6 44. Ng5 Qe7 45. f4 Qd7 46. Bb5 Qb7 47.
Be2 Qd7 48. Qa1 Qc7 49. Kf2 Be7 50. Qa4 Bxg5 51. Qe8+ Kg7 52. fxg5 Qd6 53. Qc8
Qe7 54. Qa8 Qc7 55. Qe8 1/2-1/2

[Event "8MCR_4D_1L_3S"]
[Site "?"]
[Date "2008.??.??"]
[Round "?"]
[White "Hrdy, Roman"]
[Black "Gubas, Jan"]
[Result "1/2-1/2"]
[WhiteElo "2259"]
[BlackElo "2317"]
[PlyCount "93"]
[EventDate "2008.??.??"]
[EventType "corr"]

1. d4 d5 2. c4 c6 3. Nc3 Nf6 4. Nf3 e6 5. Bg5 h6 6. Bh4 dxc4 7. e4 g5 8. Bg3 b5
9. Be2 Nbd7 10. d5 Bb7 11. dxe6 fxe6 12. Nd4 Nc5 13. e5 Nd5 14. O-O Qd7 15.
Bh5+ Kd8 16. Nxd5 Qxd5 17. b3 Nd3 18. Nc2 Kc7 19. Ne3 Qd4 20. bxc4 bxc4 21. Rb1
Bc5 22. Qa4 Raf8 23. Nxc4 Nxf2 24. Bf3 Rxf3 25. gxf3 Nd1+ 26. Kh1 Nc3 27. Rxb7+
Kxb7 28. Nd6+ Kc7 29. Qb3 Rb8 30. Qc2 Qe3 31. Qh7+ Kd8 32. Qg8+ Kc7 33. Qf7+
Kd8 34. Bf2 Qd3 35. Qe8+ Kc7 36. Qe7+ Kb6 37. Bxc5+ Kxc5 38. Ne4+ Kb6 39. Qc5+
Kb7 40. Nd6+ Ka6 41. Rf2 Rb1+ 42. Kg2 Nd1 43. Qxc6+ Ka5 44. Qc7+ Ka6 45. Ne4
Ne3+ 46. Kh3 Rb5 47. Qd6+ 1/2-1/2

[Event "8MCR_4D_1L_3S"]
[Site "?"]
[Date "2008.??.??"]
[Round "?"]
[White "Hrdy, Roman"]
[Black "Hala, Martin"]
[Result "1-0"]
[WhiteElo "2259"]
[BlackElo "2312"]
[PlyCount "97"]
[EventDate "2008.??.??"]
[EventType "corr"]

1. d4 Nf6 2. Bg5 Ne4 3. Bf4 c5 4. f3 Qa5+ 5. c3 Nf6 6. d5 d6 7. e4 g6 8. Na3
Bg7 9. Bd3 O-O 10. Ne2 a6 11. Nc4 Qd8 12. a4 Nbd7 13. O-O Nh5 14. Bg5 Ne5 15.
Nxe5 Bxe5 16. g4 Ng7 17. Bh6 e6 18. f4 Bf6 19. dxe6 fxe6 20. Bc4 Kh8 21. g5 Be7
22. a5 Rb8 23. Ng3 Bd7 24. Qb3 b5 25. axb6 Qxb6 26. Qxb6 Rxb6 27. b3 Rfb8 28.
Rf3 Bf8 29. Kf2 Kg8 30. h4 Kh8 31. Ra3 Ra8 32. Ra5 Rab8 33. Re3 Bc8 34. Ke2 Kg8
35. Kd2 Kh8 36. Kc2 Kg8 37. Re1 Bd7 38. Rxa6 Rxa6 39. Bxa6 d5 40. Bf1 Ra8 41.
Kb2 Bd6 42. e5 Be7 43. c4 d4 44. Bg2 Ra5 45. Bxg7 Kxg7 46. h5 Be8 47. h6+ Kf7
48. Ra1 Rxa1 49. Kxa1 1-0

[Event "8MCR_4D_1L_3S"]
[Site "?"]
[Date "2008.??.??"]
[Round "?"]
[White "Hrdy, Roman"]
[Black "Kasik, Miroslav"]
[Result "1-0"]
[WhiteElo "2259"]
[BlackElo "2135"]
[PlyCount "49"]
[EventDate "2008.??.??"]
[EventType "corr"]

1. d4 Nf6 2. Bg5 c6 3. Bxf6 exf6 4. e3 d5 5. Bd3 Bd6 6. Nd2 O-O 7. Qf3 Qb6 8.
O-O-O Na6 9. c3 Re8 10. Ne2 Be6 11. Nf4 Bd7 12. h4 Qc7 13. Nh5 Qc8 14. Nxf6+
gxf6 15. g4 Qd8 16. Rdg1 Qe7 17. Bxh7+ Kxh7 18. g5 f5 19. Qh5+ Kg7 20. Qh6+ Kg8
21. g6 f6 22. g7 c5 23. Nf3 Qe6 24. Rg6 Kf7 25. h5 1-0

[Event "8MCR_4D_1L_3S"]
[Site "?"]
[Date "2008.??.??"]
[Round "?"]
[White "Hrdy, Roman"]
[Black "Motejzik, Jaroslav"]
[Result "1-0"]
[WhiteElo "2259"]
[BlackElo "2068"]
[PlyCount "65"]
[EventDate "2008.??.??"]
[EventType "corr"]

1. d4 d5 2. c4 c6 3. Nc3 Nf6 4. Nf3 e6 5. Bg5 dxc4 6. e4 b5 7. e5 h6 8. Bh4 g5
9. Nxg5 hxg5 10. Bxg5 Nbd7 11. g3 Bb7 12. Bg2 Qb6 13. exf6 O-O-O 14. O-O c5 15.
d5 b4 16. Na4 Qb5 17. a3 Ne5 18. Qe2 Bd6 19. axb4 cxb4 20. f4 Nd3 21. dxe6 Bxg2
22. Kxg2 Qd5+ 23. Rf3 fxe6 24. b3 e5 25. bxc4 Qc6 26. h4 e4 27. Re3 Nc5 28.
Nxc5 Bxc5 29. f7 Rd4 30. Ra5 Rf8 31. Bf6 Rd7 32. Rxe4 Rdxf7 33. Be5 1-0

[Event "8MCR_4D_1L_3S"]
[Site "?"]
[Date "2008.??.??"]
[Round "?"]
[White "Hrdy, Roman"]
[Black "Peroutik, Jiri"]
[Result "1-0"]
[WhiteElo "2259"]
[BlackElo "1845"]
[PlyCount "69"]
[EventDate "2008.??.??"]
[EventType "corr"]

1. d4 Nf6 2. Bg5 Ne4 3. Bf4 d5 4. f3 Nf6 5. e4 dxe4 6. Nc3 Nd5 7. Nxd5 Qxd5 8.
Bxc7 Nc6 9. c3 Bf5 10. Qb3 Qd7 11. Bf4 e6 12. Be2 Be7 13. fxe4 Bxe4 14. Nf3 g5
15. Nxg5 Bxg2 16. Rg1 Bd5 17. Qc2 h6 18. Nf3 O-O-O 19. O-O-O Bd6 20. Be5 Bxe5
21. Nxe5 Nxe5 22. dxe5 Qc7 23. c4 Bc6 24. Qc3 Ba4 25. b3 Bc6 26. Rd6 Rdg8 27.
Rg3 Rxg3 28. hxg3 Rg8 29. b4 Kb8 30. Kb2 Rc8 31. Qd2 b6 32. g4 Bb7 33. Kb3 Bc6
34. Qd4 Qb7 35. b5 1-0

[Event "8MCR_4D_1L_3S"]
[Site "?"]
[Date "2008.??.??"]
[Round "?"]
[White "Hrdy, Roman"]
[Black "Pirhala, Ladislav"]
[Result "0-1"]
[WhiteElo "2259"]
[BlackElo "2102"]
[PlyCount "110"]
[EventDate "2008.??.??"]
[EventType "corr"]

1. d4 Nf6 2. Bg5 Ne4 3. Bf4 c5 4. f3 Qa5+ 5. c3 Nf6 6. d5 Qb6 7. Bc1 e6 8. c4
Be7 9. e4 d6 10. Nc3 Na6 11. Bd3 O-O 12. a3 Nd7 13. f4 Bh4+ 14. g3 Bf6 15. Nf3
Bxc3+ 16. bxc3 exd5 17. cxd5 c4 18. Bxc4 Re8 19. Qe2 Nac5 20. e5 dxe5 21. d6
Qxd6 22. Ng5 Rf8 23. O-O e4 24. Nxe4 Nxe4 25. Qxe4 Nf6 26. Qe5 Qd8 27. f5 Re8
28. Qc5 b6 29. Qd4 Qc7 30. Bb5 Bb7 31. Bf4 Qc8 32. Qc4 a6 33. Qxc8 Rexc8 34.
Be2 Rxc3 35. Rfc1 Rxc1+ 36. Rxc1 b5 37. Bg5 Re8 38. Rc7 Be4 39. Ra7 Bxf5 40.
Bxf6 gxf6 41. Bh5 Re1+ 42. Kf2 Ra1 43. Rxa6 b4 44. Rxf6 Bh3 45. Bxf7+ Kg7 46.
Rf4 Rf1+ 47. Ke3 Rxf4 48. Kxf4 bxa3 49. Ba2 Kf6 50. g4 Bf1 51. Ke3 Ke5 52. Kd2
Bh3 53. Kc2 Bxg4 54. Bc4 Be6 55. Bb5 Kf4 0-1

[Event "8MCR_4D_1L_3S"]
[Site "?"]
[Date "2008.??.??"]
[Round "?"]
[White "Kasik, Miroslav"]
[Black "Cerveny, Libor"]
[Result "1/2-1/2"]
[WhiteElo "2135"]
[BlackElo "2043"]
[PlyCount "81"]
[EventDate "2008.??.??"]
[EventType "corr"]

1. e4 e6 2. d4 d5 3. Nd2 Nc6 4. Ngf3 Nf6 5. e5 Nd7 6. Nb3 Be7 7. Bb5 O-O 8. O-O
Ncb8 9. Re1 b6 10. Bd3 Ba6 11. Bxa6 Nxa6 12. Qe2 Nab8 13. c4 c6 14. Bd2 dxc4
15. Qxc4 a5 16. a4 Re8 17. Nc1 Nf8 18. Qb3 Ng6 19. Nd3 Na6 20. Rac1 Rc8 21. Rc2
Nb8 22. Be3 Qc7 23. Rec1 Red8 24. Nd2 Rd5 25. Ne4 Qb7 26. f4 Nh4 27. Ng3 Rcd8
28. Nc5 Qa7 29. Nce4 Qa6 30. Rf2 g6 31. Rd2 Qb7 32. Rdc2 Nf5 33. Nxf5 gxf5 34.
Nc3 R5d7 35. d5 cxd5 36. Ne2 Bb4 37. Bf2 d4 38. Qd3 Be7 39. Bxd4 Na6 40. Rc4
Kh8 41. Qe3 1/2-1/2

[Event "8MCR_4D_1L_3S"]
[Site "?"]
[Date "2008.??.??"]
[Round "?"]
[White "Kasik, Miroslav"]
[Black "Ertl, Lubos"]
[Result "1/2-1/2"]
[WhiteElo "2135"]
[BlackElo "1889"]
[PlyCount "101"]
[EventDate "2008.??.??"]
[EventType "corr"]

1. d4 Nf6 2. Nf3 e6 3. Bg5 c5 4. Nc3 cxd4 5. Qxd4 Nc6 6. Qh4 Be7 7. e4 d6 8.
O-O-O Qa5 9. Kb1 O-O 10. Bd3 h6 11. Bd2 e5 12. g4 Nb4 13. g5 Nh7 14. Bc4 Qc7
15. Bb3 Be6 16. Bxe6 fxe6 17. Qg4 Rxf3 18. Qxf3 Bxg5 19. Qg4 Qe7 20. Bxg5 Nxg5
21. h4 Nh7 22. Rhg1 Rd8 23. Nb5 d5 24. Qh5 Nc6 25. Qxh6 a6 26. Nc3 d4 27. Ne2
Kh8 28. Qg6 Rf8 29. h5 Rf6 30. Qg2 a5 31. f4 exf4 32. Nxd4 Nxd4 33. Rxd4 f3 34.
Qf2 Rf4 35. e5 Rf5 36. h6 gxh6 37. Rh4 h5 38. Rh3 Qf7 39. Kc1 Ng5 40. Rh4 Kg7
41. Re1 Kg6 42. Kb1 b5 43. Rh2 Rf4 44. Reh1 Ne4 45. Qe3 f2 46. Rg2+ Kh7 47. Rf1
h4 48. Ka1 b4 49. Qd3 Kh6 50. Qd8 Qf8 51. Qd7 1/2-1/2

[Event "8MCR_4D_1L_3S"]
[Site "?"]
[Date "2008.??.??"]
[Round "?"]
[White "Kasik, Miroslav"]
[Black "Hala, Martin"]
[Result "1/2-1/2"]
[WhiteElo "2135"]
[BlackElo "2312"]
[PlyCount "59"]
[EventDate "2008.??.??"]
[EventType "corr"]

1. e4 e5 2. Nf3 Nc6 3. Bb5 f5 4. Nc3 fxe4 5. Nxe4 Nf6 6. Nxf6+ Qxf6 7. Qe2 Be7
8. Bxc6 dxc6 9. Nxe5 Bf5 10. d4 O-O-O 11. Be3 Bd6 12. f4 Bxe5 13. dxe5 Qg6 14.
Rc1 h5 15. O-O h4 16. Bxa7 Bg4 17. Qc4 Be6 18. Qc3 h3 19. g3 Qe4 20. Qf3 Qb4
21. Be3 Qxb2 22. Qe4 Bd5 23. Qd3 Bxa2 24. Qg6 Qc3 25. Rfe1 Qc4 26. Qg4+ Kb8 27.
Qf3 c5 28. Bf2 g6 29. e6 Rhe8 30. Rcd1 1/2-1/2

[Event "8MCR_4D_1L_3S"]
[Site "?"]
[Date "2008.??.??"]
[Round "?"]
[White "Kasik, Miroslav"]
[Black "Hladecek, Miloslav"]
[Result "1/2-1/2"]
[WhiteElo "2135"]
[BlackElo "2342"]
[PlyCount "62"]
[EventDate "2008.??.??"]
[EventType "corr"]

1. e4 e5 2. Nf3 Nc6 3. Bb5 a6 4. Ba4 Nf6 5. O-O Be7 6. Re1 d6 7. Bxc6+ bxc6 8.
d4 exd4 9. Nxd4 Bd7 10. Nc3 O-O 11. Rb1 Re8 12. Qf3 h6 13. Bf4 c5 14. Nde2 Bg4
15. Qd3 c6 16. Rbd1 d5 17. h3 c4 18. Qg3 Bxe2 19. Rxe2 Nh5 20. Qf3 Nxf4 21.
Qxf4 Bf6 22. exd5 Rxe2 23. Nxe2 cxd5 24. b4 Qe7 25. Qf3 Re8 26. Nf4 Qxb4 27.
Nxd5 Re1+ 28. Kh2 Qd6+ 29. g3 Rxd1 30. Qxd1 g6 31. Qf3 Bd4 1/2-1/2

[Event "8MCR_4D_1L_3S"]
[Site "?"]
[Date "2008.??.??"]
[Round "?"]
[White "Kasik, Miroslav"]
[Black "Houdek, Vladimir"]
[Result "1/2-1/2"]
[WhiteElo "2135"]
[BlackElo "2139"]
[PlyCount "37"]
[EventDate "2008.??.??"]
[EventType "corr"]

1. d4 d5 2. c4 dxc4 3. Nf3 Nf6 4. e3 e6 5. Bxc4 c5 6. O-O a6 7. dxc5 Qxd1 8.
Rxd1 Bxc5 9. a3 b5 10. Bd3 Bb7 11. b4 Be7 12. Bb2 O-O 13. Nbd2 Rd8 14. Nb3 Bd5
15. Na5 Nc6 16. Nxc6 Bxc6 17. Ne5 Be8 18. Bd4 Nd5 19. Be4 1/2-1/2

[Event "8MCR_4D_1L_3S"]
[Site "?"]
[Date "2008.??.??"]
[Round "?"]
[White "Kasik, Miroslav"]
[Black "Portych, Vaclav"]
[Result "1-0"]
[WhiteElo "2135"]
[BlackElo "2187"]
[PlyCount "111"]
[EventDate "2008.??.??"]
[EventType "corr"]

1. e4 c5 2. Nf3 Nc6 3. d4 cxd4 4. Nxd4 Nf6 5. Nc3 e5 6. Ndb5 d6 7. Nd5 Nxd5 8.
exd5 Nb8 9. Bd3 Be7 10. O-O O-O 11. Be3 a6 12. Nc3 f5 13. f4 Nd7 14. Qd2 e4 15.
Be2 Bf6 16. Nd1 a5 17. Rb1 b6 18. Nc3 Nc5 19. Nb5 Qd7 20. Nd4 Ba6 21. c4 Rac8
22. b3 Rfe8 23. Rfc1 Bb7 24. a3 a4 25. bxa4 Nxa4 26. Bh5 g6 27. Bd1 Ra8 28.
Bxa4 Rxa4 29. Rxb6 Rxa3 30. Nb5 Rd3 31. Rxd6 Qg7 32. Qf2 Rc8 33. h3 Rb3 34. Kh2
Qf8 35. Rb6 Ba8 36. Bd4 Bg7 37. Bxg7 Qxg7 38. Nd6 e3 39. Qe1 Rxb6 40. Nxc8 Rb3
41. Qa5 Rb8 42. Qd8+ Qf8 43. Ne7+ Kg7 44. Qc7 Rb7 45. Qe5+ Qf6 46. Nc8 Qxe5 47.
fxe5 Rb2 48. Kg3 g5 49. Nd6 f4+ 50. Kf3 Rf2+ 51. Ke4 e2 52. Re1 Rxg2 53. e6 Kf6
54. Ne8+ Ke7 55. Nc7 Bb7 56. Ke5 1-0

[Event "8MCR_4D_1L_3S"]
[Site "?"]
[Date "2008.??.??"]
[Round "?"]
[White "Kasik, Miroslav"]
[Black "Sykora, Josef"]
[Result "1/2-1/2"]
[WhiteElo "2135"]
[BlackElo "2352"]
[PlyCount "122"]
[EventDate "2008.??.??"]
[EventType "corr"]

1. e4 c5 2. Nf3 d6 3. d4 cxd4 4. Nxd4 Nf6 5. Nc3 a6 6. Be2 e6 7. O-O Be7 8. Be3
Qc7 9. a4 b6 10. f4 Bb7 11. Bf3 Nbd7 12. Qe1 O-O 13. Qg3 Nc5 14. e5 dxe5 15.
fxe5 Nfe4 16. Nxe4 Nxe4 17. Bxe4 Bxe4 18. c3 Bc5 19. Rae1 Bg6 20. Rf3 Rfd8 21.
Qf4 Rd5 22. b4 Bf8 23. Bf2 Rc8 24. h4 Qd7 25. g4 h6 26. h5 Bh7 27. g5 hxg5 28.
Qxg5 Qxa4 29. b5 axb5 30. h6 Re8 31. Nc6 Rd7 32. hxg7 Bxg7 33. Rf4 Qa3 34. Rd4
Rxd4 35. Bxd4 Qa8 36. Ne7+ Kf8 37. Bxb6 Qa3 38. Qe3 Qa4 39. Bc5 Qg4+ 40. Kf1
Ra8 41. Nf5+ Kg8 42. Nxg7 Kxg7 43. Be7 Ra2 44. Bf6+ Kg8 45. Re2 Ra4 46. Kf2
Rf4+ 47. Ke1 Rf3 48. Qg5+ Qxg5 49. Bxg5 Rxc3 50. Rb2 Rc5 51. Bf6 Bc2 52. Kd2
Ba4 53. Ke3 Kf8 54. Rd2 Rc3+ 55. Rd3 b4 56. Rxc3 bxc3 57. Kd3 c2 58. Kd2 Kg8
59. Kc1 Kh7 60. Kb2 Kg6 61. Kc1 Kf5 1/2-1/2

[Event "8MCR_4D_1L_3S"]
[Site "?"]
[Date "2008.??.??"]
[Round "?"]
[White "Motejzik, Jaroslav"]
[Black "Canibal, Jaromir"]
[Result "1/2-1/2"]
[WhiteElo "2068"]
[BlackElo "2236"]
[PlyCount "76"]
[EventDate "2008.??.??"]
[EventType "corr"]

1. e4 e5 2. Nf3 Nf6 3. Nxe5 d6 4. Nf3 Nxe4 5. d4 d5 6. Bd3 Bd6 7. O-O O-O 8. c4
c6 9. Qc2 Na6 10. a3 Bg4 11. Ne5 Bf5 12. b4 f6 13. Nf3 Qe8 14. b5 cxb5 15. c5
Bc7 16. Nc3 Rd8 17. Re1 Ba5 18. Bd2 Bxc3 19. Bxc3 Qh5 20. Ba5 b6 21. cxb6 axb6
22. Bxb6 Rb8 23. Qc6 Qf7 24. Qxb5 Nc7 25. Qa5 Ra8 26. Qb4 Ne6 27. Bxe4 Bxe4 28.
Nd2 Qg6 29. Nxe4 dxe4 30. Qd6 Ng5 31. Kh1 Qf5 32. d5 Rfc8 33. h4 Nf7 34. Qe6
Qxe6 35. dxe6 Nd6 36. Rac1 Nc4 37. Bd4 Nxa3 38. Bc5 Nb5 1/2-1/2

[Event "8MCR_4D_1L_3S"]
[Site "?"]
[Date "2008.??.??"]
[Round "?"]
[White "Motejzik, Jaroslav"]
[Black "Ertl, Lubos"]
[Result "1/2-1/2"]
[WhiteElo "2068"]
[BlackElo "1889"]
[PlyCount "65"]
[EventDate "2008.??.??"]
[EventType "corr"]

1. e4 e5 2. Nf3 Nc6 3. Bb5 a6 4. Ba4 Nf6 5. O-O Be7 6. Re1 b5 7. Bb3 d6 8. c3
O-O 9. h3 Na5 10. Bc2 c5 11. d4 Qc7 12. Nbd2 cxd4 13. cxd4 Nc6 14. Nb3 a5 15.
Be3 a4 16. Nbd2 Nb4 17. Bb1 Bd7 18. a3 Nc6 19. Bd3 Na5 20. Qe2 Qb8 21. Rec1 Re8
22. Rab1 Bf8 23. Bg5 Be7 24. b4 axb3 25. Nxb3 Nxb3 26. Rxb3 h6 27. Bxf6 Bxf6
28. dxe5 dxe5 29. Bxb5 Bxb5 30. Rxb5 Qd6 31. Rb7 Qxa3 32. Rcc7 Re7 33. Qc4
1/2-1/2

[Event "8MCR_4D_1L_3S"]
[Site "?"]
[Date "2008.??.??"]
[Round "?"]
[White "Motejzik, Jaroslav"]
[Black "Hala, Martin"]
[Result "1/2-1/2"]
[WhiteElo "2068"]
[BlackElo "2312"]
[PlyCount "52"]
[EventDate "2008.??.??"]
[EventType "corr"]

1. e4 e5 2. Nf3 Nc6 3. Bb5 f5 4. Nc3 fxe4 5. Nxe4 Nf6 6. Qe2 d5 7. Nxf6+ gxf6
8. d4 Bg7 9. dxe5 O-O 10. e6 Ne5 11. Bf4 Qd6 12. O-O Qxe6 13. Rae1 c6 14. Bd3
Qg4 15. Bxe5 Re8 16. h3 Qh5 17. Ng5 Qxe2 18. Rxe2 Rxe5 19. Rxe5 fxe5 20. Bxh7+
Kh8 21. Bg6 Bf6 22. Nf7+ Kg7 23. Bh5 Bd7 24. f4 exf4 25. Rxf4 Be6 26. g4 Bxf7
1/2-1/2

[Event "8MCR_4D_1L_3S"]
[Site "?"]
[Date "2008.??.??"]
[Round "?"]
[White "Motejzik, Jaroslav"]
[Black "Hladecek, Miloslav"]
[Result "0-1"]
[WhiteElo "2068"]
[BlackElo "2342"]
[PlyCount "58"]
[EventDate "2008.??.??"]
[EventType "corr"]

1. e4 e5 2. Nf3 Nc6 3. Bb5 a6 4. Ba4 Nf6 5. O-O Be7 6. Re1 d6 7. c3 O-O 8. h3
b5 9. Bb3 Na5 10. Bc2 c5 11. d4 Qc7 12. Nbd2 cxd4 13. cxd4 Bb7 14. Nf1 Rac8 15.
Bd3 exd4 16. Nxd4 d5 17. exd5 Nxd5 18. Nf5 Bf6 19. Qh5 g6 20. Qf3 Nc3 21. Nh6+
Kg7 22. Qg4 Rcd8 23. Ng3 Kh8 24. Bg5 Bxg5 25. Qxg5 f6 26. Qe3 Nd5 27. Rac1 Qg7
28. Qd2 Nc6 29. a3 f5 0-1

[Event "8MCR_4D_1L_3S"]
[Site "?"]
[Date "2008.??.??"]
[Round "?"]
[White "Motejzik, Jaroslav"]
[Black "Kasik, Miroslav"]
[Result "1-0"]
[WhiteElo "2068"]
[BlackElo "2135"]
[PlyCount "127"]
[EventDate "2008.??.??"]
[EventType "corr"]

1. e4 e5 2. Nf3 Nc6 3. Bb5 a6 4. Ba4 Nf6 5. O-O Nxe4 6. d4 b5 7. Bb3 d5 8. dxe5
Be6 9. Nbd2 Nc5 10. c3 Be7 11. Bc2 d4 12. Ne4 d3 13. Nxc5 dxc2 14. Qxd8+ Rxd8
15. Nxe6 fxe6 16. Be3 Rf8 17. Rac1 Rxf3 18. gxf3 Nxe5 19. Kg2 c5 20. Rxc2 Kf7
21. Rb1 c4 22. b3 Rc8 23. f4 Nd3 24. Rd2 Bf6 25. bxc4 bxc4 26. Rc2 Kg6 27. Kf1
Rc6 28. a4 Kf5 29. a5 Ke4 30. Rb7 h6 31. Ke2 g6 32. f3+ Kd5 33. Rh7 h5 34. Rh6
e5 35. f5 gxf5 36. Rxh5 Rc8 37. h4 Rg8 38. Rh6 Be7 39. Rxa6 f4 40. Ba7 Rg2+ 41.
Kd1 Nb2+ 42. Rxb2 Rxb2 43. Rb6 Ra2 44. Rb5+ Kc6 45. Rxe5 Bxh4 46. Re4 Bg3 47.
Rxc4+ Kb5 48. Rc5+ Ka6 49. Bb6 Bf2 50. Rc4 Bxb6 51. axb6 Kxb6 52. Rxf4 Kc5 53.
Rd4 Rh2 54. Rd2 Rh8 55. Ke2 Re8+ 56. Kf2 Kc4 57. f4 Kxc3 58. Rd7 Kc4 59. Kf3
Rf8 60. Rd1 Kc3 61. Kg4 Rg8+ 62. Kh5 Rf8 63. Kg5 Rg8+ 64. Kh6 1-0

[Event "8MCR_4D_1L_3S"]
[Site "?"]
[Date "2008.??.??"]
[Round "?"]
[White "Motejzik, Jaroslav"]
[Black "Pirhala, Ladislav"]
[Result "0-1"]
[WhiteElo "2068"]
[BlackElo "2102"]
[PlyCount "66"]
[EventDate "2008.??.??"]
[EventType "corr"]

1. e4 c5 2. Nf3 d6 3. d4 cxd4 4. Nxd4 Nf6 5. Nc3 Nc6 6. Bc4 e6 7. Bb3 Be7 8.
Be3 a6 9. Qe2 Qc7 10. O-O-O O-O 11. g4 Nxd4 12. Rxd4 b5 13. g5 Nd7 14. Qh5 Bb7
15. Rg1 Rfc8 16. Kb1 g6 17. Qh3 Nc5 18. Rg4 Bc6 19. Rh4 h5 20. gxh6 Bf6 21. Rg4
Kh7 22. Rd1 Nxb3 23. axb3 b4 24. e5 bxc3 25. exf6 a5 26. Rc4 a4 27. b4 cxb2 28.
Kxb2 Qb7 29. c3 a3+ 30. Ka1 Bf3 31. Rxc8 Rxc8 32. Rc1 Qd5 33. Bd4 Rc4 0-1

[Event "8MCR_4D_1L_3S"]
[Site "?"]
[Date "2008.??.??"]
[Round "?"]
[White "Motejzik, Jaroslav"]
[Black "Sykora, Josef"]
[Result "1/2-1/2"]
[WhiteElo "2068"]
[BlackElo "2352"]
[PlyCount "124"]
[EventDate "2008.??.??"]
[EventType "corr"]

1. e4 c5 2. Nf3 d6 3. d4 cxd4 4. Nxd4 Nf6 5. Nc3 a6 6. Be2 e6 7. O-O Be7 8. a4
Nc6 9. Be3 Qc7 10. f4 O-O 11. Kh1 Re8 12. Bf3 Bf8 13. Qd2 Na5 14. b3 Bd7 15.
Nde2 Rac8 16. Rad1 Bc6 17. Qd3 d5 18. e5 Nd7 19. Bd4 b6 20. Qxa6 Nc5 21. Bxc5
bxc5 22. Qd3 c4 23. Qe3 Rb8 24. Rb1 Bd7 25. Nd4 Bc5 26. Qd2 Bxd4 27. Qxd4 cxb3
28. cxb3 Nxb3 29. Qd3 Nc5 30. Qd4 Qa5 31. f5 Rxb1 32. Rxb1 Nxa4 33. fxe6 fxe6
34. Ne4 Kh8 35. Ng5 Qc5 36. Qd3 g6 37. Bd1 Qe7 38. Nf3 Ra8 39. Ra1 Qb4 40. h3
Qb2 41. Qd4 Qxd4 42. Nxd4 Nb6 43. Rxa8+ Nxa8 44. Kg1 Kg7 45. Kf2 Nb6 46. Be2
Kf7 47. Ke3 Ba4 48. h4 Nd7 49. Nf3 Ke7 50. g3 h6 51. g4 Nc5 52. g5 h5 53. Kd4
Nd7 54. Bd3 Kf7 55. Ne1 Nb6 56. Ng2 Nc8 57. Nf4 Ne7 58. Kc5 Bd1 59. Kd6 Bg4 60.
Kd7 Nf5 61. Bxf5 Bxf5 62. Ne2 Be4 1/2-1/2

[Event "8MCR_4D_1L_3S"]
[Site "?"]
[Date "2008.??.??"]
[Round "?"]
[White "Peroutik, Jiri"]
[Black "Canibal, Jaromir"]
[Result "1/2-1/2"]
[WhiteElo "1845"]
[BlackElo "2236"]
[PlyCount "39"]
[EventDate "2008.??.??"]
[EventType "corr"]

1. e4 e5 2. Nf3 Nf6 3. Nxe5 d6 4. Nf3 Nxe4 5. d4 d5 6. Bd3 Nc6 7. O-O Be7 8. c4
Nf6 9. Nc3 O-O 10. h3 dxc4 11. Bxc4 Na5 12. Bd3 Be6 13. Re1 Nc6 14. a3 Re8 15.
Bb5 Qd6 16. Bg5 Red8 17. Bxf6 Bxf6 18. Ne4 Qf4 19. Bxc6 bxc6 20. Qc1 1/2-1/2